LIBRARY ONLINE CATALOGUE

The Spirit of leadership : (Record no. 7923)

MARC details
000 -LEADER
fixed length control field 00682cam a22002052 4500
001 - CONTROL NUMBER
control field 0000009490
005 - DATE AND TIME OF LATEST TRANSACTION
control field 20151217152055.0
008 - FIXED-LENGTH DATA ELEMENTS--GENERAL INFORMATION
fixed length control field 081031s xx 000 0 eng d
020 ## - INTERNATIONAL STANDARD BOOK NUMBER
International Standard Book Number 0883689839 :
Terms of availability KES 1290
040 ## - CATALOGING SOURCE
Original cataloging agency KABU
Transcribing agency KABU
100 1# - MAIN ENTRY--PERSONAL NAME
Personal name Munroe, Myles.
-- 0000160904
245 14 - TITLE STATEMENT
Title The Spirit of leadership :
Remainder of title cultivating the attitudes that influence human action /
Statement of responsibility, etc. Myles Munroe.
260 ## - PUBLICATION, DISTRIBUTION, ETC. (IMPRINT)
Place of publication, distribution, etc. New Kensington, PA :
Name of publisher, distributor, etc. Whitaker House,
Date of publication, distribution, etc. 2004.
300 ## - PHYSICAL DESCRIPTION
Extent 300 p.
650 #0 - SUBJECT ADDED ENTRY--TOPICAL TERM
Topical term or geographic name as entry element Leadership
General subdivision Religious aspects
-- Christianity.
-- 0000149203
650 #0 - SUBJECT ADDED ENTRY--TOPICAL TERM
Topical term or geographic name as entry element Leadership.
-- 0000150687
908 ## - PUT COMMAND PARAMETER (RLIN)
Put command parameter 081031
950 ## - LOCAL HOLDINGS (RLIN)
-- 1
Holdings
Withdrawn status Lost status Source of classification or shelving scheme Not for loan Home library Current library Date acquired Total Checkouts Full call number Barcode Date last seen Date last checked out Price effective from Koha item type
    Library of Congress Classification   Kabarak, Main Campus Kabarak, Main Campus 17/12/2015 1 BV4597.53 .L43M86 c. 1 15101 16/07/2018 05/06/2018 17/12/2015 General Collection